TV Debuts: 2012 Quiz Stats

Quiz Updated Oct 19, 2017

Also try: TV Debuts: 2011
Challenge
Share
Tweet
Score 0/18 Timer 05:00
6 Plays Today
Hint Answer % Correct
Duck Dynasty
84%
Here Comes Honey Boo Boo
79.3%
The Mindy Project
72.5%
Veep
71.3%
Nashville
68.3%
Scandal
66%
Elementary
64.5%
Arrow
61.3%
Girls
59.2%
Hint Answer % Correct
Don't Trust the B---- in Apartment 23
44.6%
Key & Peele
42.7%
The Newsroom
37.8%
House of Lies
24.1%
Derek
23.6%
Smash
22%
Longmire
16.4%
The Legend of Korra
16%
Major Crimes
12.4%

You're not logged in!

Compare scores with friends on all Sporcle quizzes.
Join for Free
OR
Log In

You Might Also Like...

Show Comments

Extras

Top Quizzes Today


Score Distribution

Your Account Isn't Verified!

In order to create a playlist on Sporcle, you need to verify the email address you used during registration. Go to your Sporcle Settings to finish the process.

Report this User

Report this user for behavior that violates our Community Guidelines.

Details: